00000000nam 2200000zi 4500
0019.931987
003CaOODSP
00520241120113908
006m     o  d f      
007cr |n|||||||||
008231229e199302##qucd    ob   f|0| 0 fre d
040 |aCaOODSP|bfre|erda|cCaOODSP
043 |an-cn-qu
0861 |aCW66-1482/1993F-PDF
1001 |aLefebvre, Josée, |d1970- |eauteur.
24510|aÉtude du régime alimentaire du goéland à bec cerclé à la Réserve nationale de faune des Îles de Contrecoeur / |cpar Josée Lefebvre & Jean-François Giroux.
264 1|a[Sainte-Foy, Québec] : |b[Service canadien de la faune], |cfévrier 1993.
300 |a1 ressource en ligne (vi, 17 pages) : |bgraphiques
336 |atexte|btxt|2rdacontent/fre
337 |ainformatique|bc|2rdamedia/fre
338 |aressource en ligne|bcr|2rdacarrier/fre
500 |aÉdition numérisée de l’imprimé [par Environnement et changement climatique Canada].
504 |aComprend des références bibliographiques.
650 6|aGoéland à bec cerclé|xAlimentation|zQuébec (Province)
650 0|aRing-billed gull|xFood|zQuébec (Province)
651 6|aRéserve nationale de faune des Îles-de-Contrecoeur (Québec)
651 0|aÎles de Contrecoeur National Wildlife Area (Québec)
7102 |aService canadien de la faune, |eorganisme de publication.
85640|qPDF|s595 Ko|uhttps://publications.gc.ca/collections/collection_2024/eccc/cw66/CW66-1482-1993-fra.pdf